00409nam a22000977a 4500008004100000082001800041245019000059260002800249300001000277710002400287230612b xxu||||| |||| 00| 0 eng d a352.4908bKEN aThe Report of The Controller and Auditor-General together with The Appropriation Accounts and Other Public Accounts and the Accounts of the Funds for the Year1993/4cGovernment of Kenya aKenyabGovernmentc1994 a487 P bGovernment of Kenya